[Event "Niederbayernliga 1314"]
[Site "Bayern"]
[Date "2013.??.??"]
[Round "4"]
[White "Sadlo, Philipp"]
[Black "Trost, Bernhard"]
[Result "1/2-1/2"]
[WhiteElo "1419"]
[BlackElo "1621"]
[PlyCount "45"]
[EventDate "2013.10.13"]
[EventType "team-tourn"]
[EventRounds "9"]
[EventCountry "GER"]
[SourceTitle "EXT 2023"]
[Source "ChessBase"]
[SourceDate "2022.10.05"]
[SourceVersion "1"]
[SourceVersionDate "2022.10.05"]
[SourceQuality "1"]
[WhiteTeam "Landshut II"]
[BlackTeam "Geiselhoering"]
[WhiteTeamCountry "GER"]
[BlackTeamCountry "GER"]

1. e4 d5 2. exd5 Qxd5 3. Nc3 Qa5 4. Nf3 Nf6 5. d4 e6 6. Bd2 c6 7. a3 Qc7 8. Be2 Bd6 9. Bg5 Nbd7 10. h3 0-0 11. 0-0 a5 12. Bd3 b5 13. Qe2 h6 14. Bxf6 Nxf6 15. Ne4 Nd5 16. Nxd6 Qxd6 17. Qe5 Qxe5 18. Nxe5 Bb7 19. Rfe1 Rfd8 20. c3 Rac8 21. Rac1 Nb6 22. Re3 Nd7 23. Nxd7 1/2-1/2